Manažment času, rozvoj človeka a model ľudského myslenia

Potreba racionalizácie riadenia času. Koncepcia riadenia. Rozšírená koncepcia riadenia a model ľudského myslenia. Pokročilé stupne rozvoja organizácie.

Saved in:
Bibliographic Details
Main Author: Alexy, Július, 1926-2024
Format: Book Chapter
Language:Slovak
Subjects:
Tags: Add Tag
No Tags, Be the first to tag this record!

MARC

LEADER 00000naa a2200000 4500
001 0129821
005 20240604072941.9
041 0 |a slo 
044 |a SK 
245 1 0 |a Manažment času, rozvoj človeka a model ľudského myslenia  |c Július Alexy 
520 |a Potreba racionalizácie riadenia času. Koncepcia riadenia. Rozšírená koncepcia riadenia a model ľudského myslenia. Pokročilé stupne rozvoja organizácie. 
610 2 0 |a manažment času 
610 2 0 |a riadenie času 
610 2 0 |a ekonomika znalostná 
610 2 0 |a kapitál ľudský 
610 2 0 |a kvalita života 
610 2 0 |a systémy riadenia 
100 1 |a Alexy, Július, 1926-2024